000 00328nam a22001337a 4500
008 170817b xxu||||| |||| 00| 0 eng d
020 _a0070458650
041 _aeng
080 _a51
100 _a36
101 _aMAT
245 _aAPPLIED MULTIVARIAKE ANAKYSIS AND EXXPERIMENTAL DESIGNS
_cCARTER.L.F
942 _2udc
_cBK
999 _c23870
_d23870